000 00577nam a22002057a 4500
999 _c9309
_d9309
003 AR-CdUCM
008 190327b ||||| |||| 00| 0 spa d
040 _aMUNICIPALIDAD PROVINCIAL DEL CUSCO
_cBIBLIOTECA MUNICIPAL DEL CUSCO
082 _22 ed.
_a869.56 /
_bX14
100 _aXammar, Luis Fabio
_925422
245 _aWayno
260 _bLumen,
_c1942.
300 _a40 páginas ;
_c22 cm.
505 _aContenido : Wayno -- Canciones ...
650 _aWayno
_925423
650 _aComposiciones
_925424
650 _aCanciones
_914568
942 _2ddc
_cLIBROS
945 _arah